000 00315nam a22001337a 4500
008 180927b xxu||||| |||| 00| 0 eng d
020 _a8800006614476
041 _aeng
080 _a2
100 _a24
101 _aTEO
245 _aWhen Jesum came, the Corn Mothers went away
_cGutierrez, R.A
942 _2udc
_cBK
999 _c48582
_d48582